| 000 | 00711cab a2200241 4500 | ||
|---|---|---|---|
| 001 | WB3433-31 | ||
| 008 | 090401t1998 xxu||||| |||| 00| 0 eng d | ||
| 035 | _a(Sirsi) u88151 | ||
| 041 | _aeng | ||
| 245 | _aFar east homes | ||
| 260 | _c1998 | ||
| 350 | _a0 | ||
| 490 |
_aSunday Business _v23 August 1998, 33(2) |
||
| 520 | _aBritons are starting to invest in properties in South East Asia. The trend is supported by falling property prices and a strong pound. | ||
| 650 | _aFOREIGN INVESTORS | ||
| 650 | _aINDONESIA | ||
| 650 | _aPROPERTY INVESTMENT | ||
| 650 | _aSOUTHEAST ASIA | ||
| 650 | _aTHAILAND | ||
| 690 | _aPROPERTY-PROPERTY FINANCE AND INVESTMENT | ||
| 942 | _n0 | ||
| 948 | _c26/08/1998 | ||
| 999 |
_c55689 _d55689 |
||